000 00579nam a22001817a 4500
005 20180426160730.0
010 _aENG-122685
020 _a9788123776415
_c130.00
035 _aEN-106217
037 _bDBAD/PUB
082 _a613.7046
100 _aBijlani, Ramesh
245 _aA primer on yoga :
_cby Ramesh Bijlani
_bTheory and practice /
260 _aNew Delhi
_bNational Book Trust
_c2015
270 _aNehru Bhawan, 5 Institutional Area, Phase-II, Vasant Kunj,
_bNew Delhi
_e110070
300 _a132p.
_c22cm(pbk)
942 _2ddc
_cEN
_h613.7046
_mBIJ
999 _c147951
_d147951